| 000 | 00419nam a22001577a 4500 | ||
|---|---|---|---|
| 999 |
_c26568 _d26568 |
||
| 003 | BDDh-ASL | ||
| 005 | 20231015030646.0 | ||
| 008 | 211014s1932 xx ||||| |||| 00| 0 u d | ||
| 040 |
_aBDDh-ASL _cBDDh-ASL |
||
| 082 |
_a920 _bASH |
||
| 245 | 0 | 0 | _aAshrafus Sawanih : / اشرف السوانح |
| 260 |
_bAzizul Hasan , _c1354H. / 1932 |
||
| 300 |
_a312 p. : _c27 cm. |
||
| 650 | 0 |
_91339 _aBiography |
|
| 942 |
_2ddc _cBK |
||